Score 0/36 Timer 06:00
5 Plays Today
Hint Answer % Correct
In what movies would you hear these memorable lines?
100%
Name the film given a pair of stars & their roles.
99.9%
Identify these characters from 'Ghostbusters'.
99.9%
Fill the blanks in these 'Back to the Future' quotes.
99.9%
Identify each Tom Cruise film from the 1980s.
99.9%
Name either 'Star Wars' toy in each image.
99.9%
Top Gun
90.5%
Die Hard
89.4%
Wicket & Chewbacca
83.5%
The Breakfast Club
80.7%
Boba Fett & Jabba the Hutt
80.4%
Klein
80.1%
The Princess Bride
78%
Risky Business
76.5%
Rain Man
74.9%
Goonies
74.5%
Little Shop of Horrors
72.7%
Stay-puft Marshmallow Man
69.9%
Hint Answer % Correct
X-Wing & Millennium Falcon
68%
DeLorean
66.9%
88
66.1%
Admiral Ackbar & Lando Calrissian
65.2%
Cocktail
64.9%
Roads
63.2%
Born on the Fourth of July
61%
Gigawatts
59.3%
Labyrinth
55.7%
Slimer
53.7%
Blade Runner
51.6%
Peter Venkman
51.5%
Rancor & AT-AT
50.7%
Beetlejuice
48.4%
Egon Spengler
44.5%
This is Spinal Tap
41.1%
Dana Barrett/Zuul
31.8%
Legend
25.9%
Remove Ads.
Support Sporcle.
Get the best of Sporcle when you Go Orange. This ad-free experience offers more features, more stats, and more fun while also helping to support Sporcle. Thank you for becoming a member.

You're not logged in!

Compare scores with friends on all Sporcle quizzes.
OR
Log In

Show Comments

Extras

Top Quizzes Today


Score Distribution

Your Account Isn't Verified!

In order to create a playlist on Sporcle, you need to verify the email address you used during registration. Go to your Sporcle Settings to finish the process.

Report this User

Report this user for behavior that violates our Community Guidelines.

Details: